50 cosas sencillas para salvar a la tierra

Uloženo v:
Podrobná bibliografie
Korporativní autor: The Earth Works Group (Autor)
Médium: Kniha
Jazyk:španělština
Vydáno: Ciudad de México Diana 1991
Vydání:1a. ed
Edice:Ecología
Témata:
Tagy: Přidat tag
Žádné tagy, Buďte první, kdo vytvoří štítek k tomuto záznamu!

MARC

LEADER 00000nam a2200000 a 4500
001 UCH4223
003 CL-VaPUC
008 090818e19910000MX |||||||||||||||||spa|d
020 |a 9681321537 
082 0 4 |a 363.7  |b THE   |2 21 
110 2 |a The Earth Works Group  |e author  |9 539716 
245 1 0 |a 50 cosas sencillas para salvar a la tierra 
250 |a 1a. ed 
300 |a 147 p 
942 |c BK 
945 |d 20090818 00:00:00  |a ccalabra 
260 |a Ciudad de México  |b Diana  |c 1991 
650 7 |a CONTAMINACION  |2 CL-VaPUC  |9 258139 
650 0 |a Medio ambiente  |9 257625 
650 0 |a Ecología   |9 258124 
650 7 |a ECOSISTEMA  |2 CL-VaPUC  |9 347937 
650 7 |a POLUCION  |2 CL-VaPUC  |9 373003 
650 0 |a Política ambiental  |9 262970 
583 |a last modification  |c 20090818 00:00:00  |k Rodrigo Vera 
490 0 |a Ecología 
999 |c 335559  |d 335557